000 00275nam a2200121Ia 4500
008 190216s9999||||xx |||||||||||||| ||und||
100 _aNasira Sami
245 0 _aHindi-Dhusra Thajmahal
260 _bIndraprastha Prakashan
300 _a168
650 _aHindi
942 _cBK
999 _c16305
_d16305